|
|
|
|
| LEADER |
00907nam a2200253 a 4500 |
| 001 |
c000162414 |
| 003 |
CARM |
| 005 |
20020820225440.0 |
| 008 |
890501s1949 xxcabo b 001 eng d |
| 019 |
1 |
|
|a 23990371
|5 LACONCORD2021
|
| 035 |
|
|
|a (OCoLC)224193393
|5 LACONCORD2021
|
| 040 |
|
|
|a Y
|b eng
|
| 082 |
0 |
4 |
|a 624.151
|2 21
|
| 100 |
1 |
|
|a Trefethen, Joseph M.
|
| 245 |
1 |
0 |
|a Geology for engineers /
|c by Trefethen, Joseph M.
|
| 260 |
|
|
|a Toronto ;
|a New York,
|b Van Nostrand,
|c 1949.
|
| 300 |
|
|
|a xi, 620 p. :
|b ill., maps ;
|c 24 cm.
|
| 500 |
|
|
|a Indexes: p. 607-620.
|
| 504 |
|
|
|a Bibliographies at ends of chapters.
|
| 650 |
|
0 |
|a Geology.
|
| 650 |
|
0 |
|a Engineering geology.
|
| 852 |
8 |
|
|b CARM
|h A2:AJ37A0
|i B04986
|p 0214376
|f BK
|
| 999 |
f |
f |
|i 0c95fcbe-dcff-56e2-89cf-5c7ce3775c3e
|s 44eed3b9-def8-5a3c-a527-55adcc0d172c
|
| 952 |
f |
f |
|p Can circulate
|a CAVAL
|b CAVAL
|c CAVAL
|d CARM 1 Store
|e B04986
|f A2:AJ37A0
|h Other scheme
|i book
|m 0214376
|